00367nam a2200109Ia 4500082001200000100002000012245010400032260003500136300001000171650005500181710002100236 aTS.0794 aSingh, Raj Nath 0aManagement control of Uttar Pradesh State Electricity Board through formulation of key result areas c1983bBanaras Hindu University a666p. aUTTAR PRADESH STATE ELECTRICITY BOARD - MANAGEMENT aBhandari, S.K.R.